Urbanisation and the Government of migration (Record no. 78589)
[ view plain ]
| 000 -LEADER | |
|---|---|
| fixed length control field | 01432nam a2200265 a 4500 |
| 008 - FIXED-LENGTH DATA ELEMENTS--GENERAL INFORMATION | |
| fixed length control field | 120416s1974 ||||||||||||||||| || u |
| 020 ## - INTERNATIONAL STANDARD BOOK NUMBER | |
| International Standard Book Number | 0903983087 |
| 050 ## - LIBRARY OF CONGRESS CALL NUMBER | |
| Classification number | HC 915 Hei |
| 100 ## - MAIN ENTRY--PERSONAL NAME | |
| Personal name | Heisler, Helmuth |
| 245 10 - TITLE STATEMENT | |
| Title | Urbanisation and the Government of migration |
| 246 ## - | |
| -- | the inter-relation of urban and rural life in Zambia |
| 260 ## - PUBLICATION, DISTRIBUTION, ETC. | |
| Place of publication, distribution, etc. | London |
| Name of publisher, distributor, etc. | C. Hurst |
| Date of publication, distribution, etc. | 1974 |
| 300 ## - PHYSICAL DESCRIPTION | |
| Extent | xi, 166p. : ill. |
| 350 ## - | |
| -- | 0.00 |
| 500 ## - GENERAL NOTE | |
| General note | Includes index. -Bibliography: p. 151-160. |
| 650 ## - SUBJECT ADDED ENTRY--TOPICAL TERM | |
| Topical term or geographic name entry element | URBANIZATION--ASIA, WESTERN |
| 650 ## - SUBJECT ADDED ENTRY--TOPICAL TERM | |
| Topical term or geographic name entry element | URBANIZATION--ZAMBIA |
| 650 ## - SUBJECT ADDED ENTRY--TOPICAL TERM | |
| Topical term or geographic name entry element | RURAL-URBAN MIGRATION--ZAMBIA |
| 650 ## - SUBJECT ADDED ENTRY--TOPICAL TERM | |
| Topical term or geographic name entry element | WORKING CLASS--ZAMBIA |
| 995 ## - | |
| -- | ANNEX COLLECTION (Main Library) |
| -- | 0.00 |
| -- | 704644 |
| -- | CBU-MAIN LIBRARY (Kitwe) |
| -- | 1 |
| -- | 11.50 |
| -- | HC 915 Hei |
| -- | 1 |
| -- | AVAILABLE |
| -- | 003192 |
| -- | Annex Low-Usage Collection |
| 995 ## - | |
| -- | ANNEX COLLECTION (Main Library) |
| -- | 0.00 |
| -- | 707482 |
| -- | CBU-MAIN LIBRARY (Kitwe) |
| -- | 2 |
| -- | 11.50 |
| -- | HC 915 Hei |
| -- | 2 |
| -- | AVAILABLE |
| -- | 003193 |
| -- | Annex Low-Usage Collection |
| 995 ## - | |
| -- | SPECIAL COLLECTIONS |
| -- | 0.00 |
| -- | 703726 |
| -- | CBU-MAIN LIBRARY (Kitwe) |
| -- | 4 |
| -- | 11.50 |
| -- | ZAM HC 915 Hei |
| -- | 1 |
| -- | AVAILABLE |
| -- | 018679 |
| -- | Zambiana Collection |
| 995 ## - | |
| -- | ANNEX COLLECTION (Main Library) |
| -- | 0.00 |
| -- | 704475 |
| -- | CBU-MAIN LIBRARY (Kitwe) |
| -- | 3 |
| -- | 11.50 |
| -- | HC 915 Hei |
| -- | 3 |
| -- | AVAILABLE |
| -- | 003194 |
| -- | Annex Low-Usage Collection |
| 995 ## - | |
| -- | MAIN LIBRARY OPEN ACCESS |
| -- | 0.00 |
| -- | 715703 |
| -- | CBU-MAIN LIBRARY (Kitwe) |
| -- | 5 |
| -- | 11.50 |
| -- | HC 915 Hei |
| -- | 5 |
| -- | AVAILABLE |
| -- | 003191 |
| -- | Main Library Open Access Collection |
| 999 ## - | |
| -- | 78589 |
| -- | 78589 |
| Withdrawn status | Lost status | Source of classification or shelving scheme | Damaged status | Not for loan | Permanent Location | Current Location | Shelving location | Date acquired | Total Checkouts | Full call number | Barcode | Date last seen | Copy number | Price effective from | Koha item type |
|---|---|---|---|---|---|---|---|---|---|---|---|---|---|---|---|
| CBU-MAIN LIBRARY, KITWE. | CBU-MAIN LIBRARY, KITWE. | 05/17/2023 | HC 915 Hei | 003192 | 05/17/2023 | 1 | 05/17/2023 | MONOGRAPH | |||||||
| Withdrawn | CBU-MAIN LIBRARY, KITWE. | CBU-MAIN LIBRARY, KITWE. | 05/17/2023 | HC 915 Hei | 003193 | 05/17/2023 | 2 | 05/17/2023 | MONOGRAPH | ||||||
| CBU-MAIN LIBRARY, KITWE. | CBU-MAIN LIBRARY, KITWE. | 05/17/2023 | HC 915 Hei | 018679 | 05/17/2023 | 3 | 05/17/2023 | MONOGRAPH | |||||||
| Withdrawn | CBU-MAIN LIBRARY, KITWE. | CBU-MAIN LIBRARY, KITWE. | 05/17/2023 | HC 915 Hei | 003194 | 05/17/2023 | 4 | 05/17/2023 | MONOGRAPH | ||||||
| CBU-MAIN LIBRARY, KITWE. | CBU-MAIN LIBRARY, KITWE. | 05/17/2023 | HC 915 Hei | 003191 | 05/17/2023 | 5 | 05/17/2023 | MONOGRAPH |